|
|
|
|
| LEADER |
01230nam a2200277 u 4500 |
| 001 |
10017737 |
| 003 |
GR-PaULI |
| 005 |
20210117205123.0 |
| 008 |
881025s1983 uk eng |
| 020 |
|
|
|a 0860781186
|
| 040 |
|
|
|a GR-PaULI
|c GR-PaULI
|b gre
|e AACR2
|
| 082 |
0 |
4 |
|a 880.900 2
|2 23
|
| 100 |
1 |
|
|a Jeffreys, Elizabeth
|9 134372
|e συγγραφέας.
|
| 245 |
1 |
0 |
|a Popular literature in late Byzantium /
|c E. M. and M. J. Jeffreys.
|
| 260 |
|
|
|a London :
|b Ashgate Variorum,
|c 1983.
|
| 300 |
|
|
|a [342] σ. ;
|c 24 εκ.
|
| 490 |
1 |
|
|a Collected studies series
|v 170.
|
| 505 |
1 |
|
|a
|
| 650 |
|
4 |
|a Βυζαντινή λογοτεχνία
|9 58690
|x Ιστορία και κριτική
|
| 700 |
1 |
|
|a Jeffreys, Michael
|9 140181
|e συγγραφέας.
|
| 830 |
|
|
|9 167886
|a Collected studies (Variorum)
|v 170.
|
| 942 |
|
|
|2 ddc
|c BKN
|
| 952 |
|
|
|0 0
|1 0
|2 ddc
|4 0
|6 Π_Σ_880_900000000000000_2_JEF
|7 0
|9 169365
|a LISP
|b LISP
|c REF
|d 2016-04-24
|i 37949
|l 0
|o Π/Σ 880.900 2 JEF
|p 025000003080
|r 2016-04-24 00:00:00
|t 1
|y BKN
|
| 952 |
|
|
|0 0
|1 0
|2 ddc
|4 0
|6 Π_Σ_880_900000000000000_2_JEF
|7 0
|9 169366
|a LISP
|b LISP
|c REF
|d 2016-04-24
|i 080470
|l 0
|o Π/Σ 880.900 2 JEF
|p 025000111259
|r 2016-04-24 00:00:00
|t 2
|y BKN
|
| 998 |
|
|
|c ΜΠΟΥΡΑΣ
|d 2018-03
|
| 999 |
|
|
|c 105938
|d 105938
|